Hemólise interfere na mensuração dos biomarcadores plasmáticos de estresse oxidativo em cães (Registro n. 301113)
[ somente texto ]
| 000 -LÍDER | |
|---|---|
| fixed length control field | 04102nab a2200337 i 4500 |
| 003 - CÓDIGO MARC DA AGÊNCIA CATALOGADORA | |
| Campo de controle | BR-BrBNA |
| 005 - DATA E HORA DA ÚLTIMA ATUALIZAÇÃO | |
| Campo de controle | 20240904112057.0 |
| 008 - CAMPO DE TAMANHO FIXO | |
| fixed length control field | 240904b2018 bl.|r|pooa||| 00| 0 por | |
| 040 ## - FONTE DA CATALOGAÇÃO | |
| Agência catalogadora | BR-BrBNA |
| Idioma da catalogação | por |
| 072 ## - CATEGORIA AGRIS | |
| Código AGRIS | L50 |
| Código do objeto | 5400 |
| 100 ## - ENTRADA PRINCIPAL - NOME PESSOAL | |
| Nome pessoal | Morais, L. |
| 100 ## - ENTRADA PRINCIPAL - NOME PESSOAL | |
| Nome pessoal | Bosco, A.M. |
| 100 ## - ENTRADA PRINCIPAL - NOME PESSOAL | |
| Nome pessoal | Baptisttiolli, L. |
| 100 ## - ENTRADA PRINCIPAL - NOME PESSOAL | |
| Nome pessoal | Torrecilha, R.B.P. |
| 100 ## - ENTRADA PRINCIPAL - NOME PESSOAL | |
| Nome pessoal | Valadares, T.C. |
| 100 ## - ENTRADA PRINCIPAL - NOME PESSOAL | |
| Nome pessoal | Hoffmann, D.J. |
| 100 ## - ENTRADA PRINCIPAL - NOME PESSOAL | |
| Nome pessoal | Ciarlini, P.C. |
| 245 ## - TÍTULO PRINCIPAL | |
| Título principal | Hemólise interfere na mensuração dos biomarcadores plasmáticos de estresse oxidativo em cães |
| 500 ## - NOTA GERAL | |
| Nota geral | <br/>Publicação online; 30 ref.; Summaries (En, Pt) |
| 942 ## - ADDED ENTRY ELEMENTS (KOHA) | |
| Koha item type | |
| 520 ## - NOTA DE RESUMO | |
| Nota de conteúdo | <br/><br/>RESUMO - Considerando que, entre todas as fontes de erro analítico, a hemólise é a mais importante na rotina laboratorial, o presente estudo teve como objetivo investigar o efeito da hemólise in vitro sobre os principais biomarcadores plasmáticos de estresse oxidativo mensurados (BPEO) de cães. Para tal, amostras de sangue total de 19 cães clinicamente saudáveis foram hemolisadas em diferentes graus por ação mecânica. Amostras controle contendo baixa concentração de hemoglobina (Hb) no plasma foram comparadas com quatro graus de hemólise (<0,36; 0,36-0,60; 0,61-1,0; 1,1-4g/L Hb). Imediatamente após a hemólise, foram mensuradas as concentrações plasmáticas de ácido úrico (AU), albumina, bilirrubina, gamaglutamiltransferase (GGT), capacidade antioxidante total (TAC) e concentração de oxidante total (TOC). Os erros relativos causados pelos diferentes graus de hemólises foram calculados e confrontados com o erro total aceitável (ETA) e com o limite de erro permitido (LEP) empregados nos programas de controle de qualidade de exames laboratoriais. Foi observado que mesmo pequeno grau de hemólise gera algum erro analítico não aceitável (ETA e/ou LEP) nos BPEO mensurados, exceto na bilirrubina. Foi possível concluir que a hemólise é um fator limitante para avaliação do estresse oxidativo sistêmico mensurado no plasma, podendo causar erros que potencialmente comprometem o diagnóstico clínico.<br/><br/><br/>Palavras-chaves: antioxidante, bias, erro analítico, hemoglobina, oxidante |
| 520 ## - NOTA DE RESUMO | |
| Nota de conteúdo | <br/><br/>ABSTRACT - Among all the various sources of analytical error, hemolysis is the most important in the laboratory routine. The present study aimed to investigate the effect of hemolysis "in vitro" on the main plasma biomarkers of oxidative stress (BPEO) dogs. For this purpose, whole blood samples from 19 healthy dogs were hemolyzed in different degrees by mechanical action. Control samples containing low concentration of hemoglobin (Hb) levels in plasma were compared with four degrees of hemolysis (<0.36, from 0.36 to 0.60, 0.61 to 1.0, 1.1 to 4g/L Hb). Immediately after causing hemolysis, plasma concentrations of uric acid (UA), albumin, bilirubin, gamma glutamyl transferase (GGT), total antioxidant capacity (TAC), and total oxidant concentration (TOC) were measured. The relative errors caused by several levels of hemolysis were calculated and compared with the total acceptable error (TAE) and allowed error limit (LEP) by employees in quality control programs for laboratory tests. Even small levels of hemolysis generate unacceptable analytical error (TAE and / or LEP) in BPEO measured, except for bilirubin. Hemolysis is a limiting factor for the assessment of systemic oxidative stress measured in plasma and may cause errors that potentially compromise clinical diagnosis.<br/><br/><br/>Keywords: analytical error, antioxidant, bias, hemoglobin, oxidant |
| 650 ## - ASSUNTO - THESAGRO | |
| Cabeçalho tópico ou nome geográfico | CÃO |
| 650 ## - ASSUNTO - THESAGRO | |
| Cabeçalho tópico ou nome geográfico | BIOQUÍMICA ANIMAL |
| 650 ## - ASSUNTO - THESAGRO | |
| Cabeçalho tópico ou nome geográfico | ANTIOXIDANTE |
| 650 ## - ASSUNTO - THESAGRO | |
| Cabeçalho tópico ou nome geográfico | HEMOGLOBINA |
| 650 ## - ASSUNTO - THESAGRO | |
| Cabeçalho tópico ou nome geográfico | OXIDANTE |
| 773 0# - ENTRADA ANALÍTICA | |
| Host Biblionumber | 1643 |
| Registro do item | 317735 |
| Imprenta | Belo Horizonte-MG Universidade Federal de Minas Gerais - Escola de Veterinaria 1983 |
| Outro identificador | 2024-4450 |
| Título | Arquivo Brasileiro de Medicina Veterinária e Zootecnia (Brazil) |
| ISSN | 0102-0935 |
| Colação | v. 70(3) p. 713-721; (2018) |
| Número de controle de registro | BR2024002448 |
| 856 ## - ACESSO E ENDEREÇO ELETRÔNICO | |
| Identificador uniforme de recurso - URI | https://www.scielo.br/j/abmvz/a/bDVWJqxZMRZtF8RbwB6yTMk/?format=pdf&lang=pt |
Nenhum exemplar disponível.

BINAGRI